000 01382nam a22003977a 4500
001 1144391
003 OSt
005 20210422051645.0
008 950629s1995 nyu b 001 0 eng
010 _a 95034405
020 _a0812926269 (hard cover)
040 _aDLC
_cDLC
_dDLC
050 0 0 _aHD38.2
_b.K39 1995
080 _a005
_bK-23
082 0 0 _a658.4/092
_220
100 1 _aKatzenbach, Jon R.,
_d1932-
245 1 0 _aReal change leaders :
_bhow you can create growth and high performance at your company /
_cJon R. Katzenbach and the RCL Team, Frederick Beckett ... [et al.].
250 _a1st ed.
260 _aNew York :
_bTimes Business,
_cc1995.
300 _aix, 357 p. ;
_c24 cm.
504 _aIncludes bibliographical references and index.
650 0 _aExecutive ability.
650 0 _aLeadership.
650 0 _aMiddle managers.
650 0 _aManagement.
653 _aმენეჯმენტი
700 1 _aBeckett, Frederick.
700 _aLing,Timothy
_9583
700 _aGagnon,Christopher
_9581
700 _aFeigen, Marc
_9579
700 _aDichter, Steven
_9578
856 4 2 _3Publisher description
_uhttp://www.loc.gov/catdir/description/random0411/95034405.html
906 _a7
_bcbc
_corignew
_d1
_eocip
_f19
_gy-gencatlg
942 _2udc
_cBK
999 _c756
_d756